Internet jako nástroj výchovy ke zbabělosti : rebelské blogy /

Hlavní autor: Boom, Felix, 1950-
Jazyk: Čeština
Vydáno: Praha : Blinkr, 2014
Vydání: 1. vyd. knižní
Témata:
Fyzický popis: 173 s. ; 21 cm
Knihy
Uloženo v:
LEADER 01745nam a2200505 a 4500
001 nkc20142651107
003 CZ PrNK
005 20160122085520.0
007 ta
008 141216s2014 xr e 000 0 cze
015 |a cnb002651107 
020 |a 978-80-87579-27-5  |q (brož.) 
035 |a (OCoLC)904579600 
040 |a BOA001  |b cze  |d ABA001 
043 |a e-xr--- 
045 |a y0y1 
072 7 |a 323  |x Vnitropolitický vývoj, politický život  |2 Konspekt  |9 15 
080 |a 328/329  |2 MRF 
080 |a 316.72/.75  |2 MRF 
080 |a 323  |2 MRF 
080 |a (437.3)  |2 MRF 
080 |a (046)  |2 MRF 
080 |a (0.034.2)004.774.6  |2 MRF 
100 1 |a Boom, Felix,  |d 1950-  |7 xx0127018  |4 aut 
245 1 0 |a Internet jako nástroj výchovy ke zbabělosti :  |b rebelské blogy /  |c Felix Boom 
250 |a 1. vyd. knižní 
260 |a Praha :  |b Blinkr,  |c 2014 
300 |a 173 s. ;  |c 21 cm 
648 7 |a 21. století  |7 ch460559  |2 czenas 
648 4 |a 2009-2014 
655 7 |a články  |7 fd133976  |2 czenas 
655 7 |a blogy  |7 fd376279  |2 czenas 
655 9 |a journal articles  |2 eczenas 
655 9 |a blogs  |2 eczenas 
651 7 |a Česko  |7 ge128065  |x politika a vláda  |y 21. stol.  |2 czenas 
651 7 |a Česko  |7 ge128065  |x společenské poměry  |y 21. stol.  |2 czenas 
651 7 |a Česko  |7 ge128065  |x společnost a politika  |y 21. stol.  |2 czenas 
651 9 |a Czechia  |x politics and government  |y 21st century  |2 eczenas 
651 9 |a Czechia  |x social conditions  |y 21st century  |2 eczenas 
651 9 |a Czechia  |x society and politics  |y 21st century  |2 eczenas 
910 2 |a BOA001  |b 2-1339.426 
990 |a BK 
995 |a 01 
991 |b 201501  |c NOV  |e n 
996 6 |b 2610617688  |c 2-1339.426  |l MZK  |r Sklad / do 1 hodiny  |n 0  |p p.v.  |w 001481676  |u 000010  |a 1  |e BOA001  |j MZK50  |s P